000 00697nam a2200217Ii 4500
003 JO-AjNU
008 230605s9999||||xx |||||||||||||| ||und||
017 _a1984/10/419
040 _aJO-AjNU
_bara
_erda
_cJO-AjNU
041 _aara
050 1 4 _aLB1049.1985
100 3 _aحجاوي،غادة,
_eauthor
_99182
245 0 0 _aالتفوق ورفع مستوى الذكاء
250 _aط1
264 3 1 _aعمان:دار المستقبل،1985
300 _a157ص
336 _atext
_btxt
_2rdacontent
337 _aunmediated
_bn
_2rdamedia
338 _avolume
_bnc
_2rdacarrier
650 4 _aالإبداع. الموهبة. الموهوبون-رعاية. الموهوبون-تعليم.
_99183
999 _aA1168
_c4736
_d4736